| 000 | 00930nam0a22002291i 4500 | ||
|---|---|---|---|
| 001 | rc\3199333 | ||
| 005 | 20240723193758.0 | ||
| 021 |
_aRU _b[76-4803а] |
||
| 035 | _a(NLR Aleph) 007344760 | ||
| 090 |
_a6146551 _c6146551 |
||
| 100 | _a20120628d1976 |||y0rusy50 ca | ||
| 101 | 0 | _arus | |
| 102 | _aRU | ||
| 105 | _ay d ||||| | ||
| 200 | 1 |
_aСовершенствование фондов экономического стимулирования _e(На материалах предприятий машиностроения ЛитССР) _eАвтореф. дис. на соиск. учен. степени канд. экон. наук _e(08.00.05) _fВысш. парт. школа при ЦК КПСС |
|
| 210 |
_aМосква _d1976 |
||
| 215 | _a23 с. | ||
| 700 | 1 |
_aМилто _bР.В. _gРишард Витольдович |
|
| 801 | 0 |
_aRU _bNLR _gpsbo |
|
| 801 | 1 |
_aRU _bELAR _2rusmarc |
|
| 852 |
_aNLR _j76-4/19553 |
||
| 942 | _cBOOK | ||